| 000 | 01726nam0a22003011 4500 | ||
|---|---|---|---|
| 001 | rc\971012 | ||
| 005 | 20260407120312.0 | ||
| 021 |
_aRU _b83-ОКЭ-214/18 _bРг 4620-83 |
||
| 035 | _a(NLR Aleph) 006139976 | ||
| 090 |
_a5651396 _c5651396 |
||
| 100 | _a20041129d1982 |||y0rusy50 ca | ||
| 101 | 0 | _arus | |
| 102 | _aRU | ||
| 105 | _ay zj||||||| | ||
| 200 | 1 |
_aСовершенствование экологического образования и воспитания студентов в свете задач, выдвинутых XXVI съездом КПСС в области природопользования и охраны окружающей среды _eметодические рекомендации для преподавателей _fР.О. Карапетян, А.М. Галеева _gМ-во высш. и сред. спец. образования СССР, Моск. ин-т нефтехим. и газовой пром-сти им. И.М. Губкина |
|
| 210 |
_aМосква _d1982 |
||
| 215 |
_a[1], 34 с. _d20 |
||
| 606 | 1 |
_aЭкологическое воспитание _jДокументы и материалы _91374312 _3RU\NLR\AUTH\66576096 |
|
| 686 | 0 |
_aЧ313.522.7я7 _2rubbk |
|
| 700 | 1 |
_aКарапетян _bР. О. _gРоберт Оганович |
|
| 701 | 1 |
_aГалеева _bА. М. _gАриадна Михайловна |
|
| 712 | 0 | 2 |
_4650 _aМосковский институт нефтехимической и газовой промышленности им. И. М. Губкина _3RU\NLR\AUTH\889951490 _9398936 |
| 801 | 0 |
_aRU _bNLR _gpsbo |
|
| 801 | 1 |
_aRU _bELAR _2rusmarc |
|
| 801 | 2 |
_aRU _bNLR _c20190408 _2rusmarc |
|
| 852 |
_aNLR _j83-4/9268 |
||
| 942 | _cBOOK | ||
| 980 | _aNB | ||